modele Airbusa - Statystyki

Ogólne statystyki
  • Ten quiz został rozwiązany 255 razy
  • Średni wynik to 8 z 10
Statystyki odpowiedzi
Hint Odpowiedź % Poprawnych
najpopularniejszy od którego powstała rodzina a320
96%
największy a380
96%
długodystansowy z dwoma silnikami a330
91%
najnowszy a350
91%
cztery silniki, trzeci najdłuższy na świecie a340
89%
drugi model a310
84%
pierwszy model a300
83%
większy niż reszta z rodziny a321
74%
większy niż najmiejszy a319
70%
najmniejszy z rodziny a318
65%
Nie znaleziono quizów pasujących do podanych kryteriów
Rozkład punktacji
Procent ludzi z każdym wynikiem
Percentyl według liczby udzielonych odpowiedzi
Twoja historia wyników
Nie rozwiązałeś tego quizu